Quadrilogia di Santarcangelo /

Salvato in:
Dettagli Bibliografici
Autore principale: Moscato, Enzo (Autore)
Natura: Libro
Lingua:italiano
Pubblicazione: Milano : Ubulibri, \1999!
Serie:I testi Ubulibri
Tags: Aggiungi Tag
Nessun Tag, puoi essere il primo ad aggiungerne!!

MARC

LEADER 00000nam a2200000 i 4500
001 IT\ICCU\CFI\0450523
003 ItRI
005 20260115231930.0
008 991020s1999 it |||||| ||||| |||||c
015 |2 IT  |a 2000-4557 
020 |a 8877481889 
040 |b ita  |c importazione bologna sebina 
041 7 |a ita  |2 ISO-639-2 
082 |a 852.914  |9 LETTERATURA DRAMMATICA ITALIANA, 1945-1999  |2 21 
100 1 |a Moscato, Enzo  |0 IT\ICCU\CFIV\078109  |4 aut 
245 1 0 |a Quadrilogia di Santarcangelo /  |c Enzo Moscato. 
260 |a Milano :  |b Ubulibri,  |c \1999! 
300 |a 141 p. ;  |c 22 cm 
500 |a Contiene: Mal-d'-Hamlé; Recidiva; Lingua, carne, soffio ... 
830 2 |a I testi Ubulibri  |0 IT\ICCU\RAV\0100570 
942 |2 ddc  |c BK  |n 0 
952 |0 0  |1 0  |4 0  |6 DOC_852_914000000000000_MOS  |7 0  |9 16953  |a BO  |b BO  |d 2026-01-15  |i 5858  |l 0  |o DOC 852.914 MOS  |p BO5858  |r 2026-01-15 23:19:30  |w 2026-01-15  |x [Sebina 5] [1 v.]  |y BK  |z 1 v. 
999 |c 14478  |d 14478